[Event "Arco di Trento op2"]
[Site "Arco di Trento"]
[Date "1997.??.??"]
[Round "4"]
[White "Romanishin, Oleg M"]
[Black "Peric, Slavisa"]
[Result "1-0"]
[WhiteElo "2555"]
[BlackElo "2260"]

1.Nf3 d5 2.d4 c5 3.c4 dxc4 4.e3 e6 5.Bxc4 Nf6 6.O-O a6 7.Bb3 Nc6 8.Nc3 Be7
9.dxc5 Qxd1 10.Rxd1 Bxc5 11.Bd2 O-O 12.Be1 Be7 13.Rac1 Rd8 14.Na4 Rxd1 15.Bxd1 Nd7
16.Be2 Nd8 17.Ne5 Nxe5 18.Nb6 Rb8 19.Nxc8 Ndc6 20.Nxe7+ Nxe7 21.Rc5 N5c6
22.b4 Rc8 23.b5 Nb8 24.Bb4 Rxc5 25.Bxc5 Nc8 26.bxa6 Nxa6 27.Ba3 Nc7 28.Kf1 f6
29.Ke1 Kf7 30.Kd2 b6 31.Bh5+ g6 32.Bf3 e5 33.Bd1 Ke8 34.Ba4+ Kd8 35.Bb3 Ne7
36.f4 exf4 37.exf4 Kd7 38.Kd3 Ne6 39.Ba4+ Nc6 40.g3 Kc7 41.Kc4 f5 42.Kd5 Ned8
43.Bd6+ Kb7 44.a3 Na7 45.Be8 Nc8 46.h4 Nxd6 47.Kxd6 Ka6 48.Ke7 Nb7 49.Kf6 Nd6
50.Bxg6 Ne4+ 51.Kxf5 Nxg3+ 52.Kg4  1-0

[Event "AZE-ch"]
[Site "Baku"]
[Date "1997.??.??"]
[Round "?"]
[White "Gasimov, Ragim"]
[Black "Badjarani, Ilgar"]
[Result "1/2-1/2"]
[WhiteElo "2405"]
[BlackElo "2405"]

1.d4 d5 2.c4 dxc4 3.Nf3 a6 4.a4 Nf6 5.e3 e6 6.Bxc4 c5 7.O-O Nc6 8.dxc5 Qxd1
9.Rxd1 Bxc5 10.Nc3 Ke7  1/2-1/2

[Event "Budapest FS04 GM"]
[Site "Budapest"]
[Date "1997.??.??"]
[Round "1"]
[White "Hoang Than Trang"]
[Black "Almasi, Istvan"]
[Result "1/2-1/2"]
[WhiteElo "2355"]
[BlackElo "2415"]

1.d4 d5 2.c4 dxc4 3.Nf3 a6 4.e3 b5 5.a4 Bb7 6.b3 e6 7.axb5 axb5 8.Rxa8 Bxa8
9.bxc4 bxc4 10.Bxc4 Nf6 11.O-O Bd6 12.Nbd2 O-O 13.Qe2 Ne4 14.Bb2 Nd7 15.Nxe4 Bxe4
16.Rd1 Qf6 17.Nd2 Qh6 18.Nf1 Nb6 19.Bd3 Bxd3 20.Qxd3 Qh5 21.Ra1 Qd5 22.Nd2 Ra8
23.Rxa8+ Qxa8 24.Qb5 Qa4 25.Qxa4 Nxa4 26.Nc4 Bb4 27.Kf1 c5 28.dxc5 Nxc5  1/2-1/2

[Event "Budapest FS03 IM-B"]
[Site "Budapest"]
[Date "1997.??.??"]
[Round "9"]
[White "Farago, Sandor"]
[Black "Peredy, Ferenc"]
[Result "0-1"]
[WhiteElo "2250"]
[BlackElo "2200"]

1.d4 d5 2.c4 dxc4 3.Nf3 a6 4.Nc3 b5 5.e3 Bb7 6.Be2 e6 7.O-O c5 8.b3 cxb3
9.axb3 Nf6 10.dxc5 Qxd1 11.Rxd1 Bxc5 12.Bb2 Nbd7 13.Nd4 Ke7 14.Bf3 Bxf3 15.gxf3 Rhc8
16.b4 Bxd4 17.Rxd4 Ne5 18.Kg2 Nc4 19.Nd1 Nd5 20.Rxd5 exd5 21.Bd4 Ke6 22.Nc3 Nd2
23.Ra2 Nb3 24.Ne2 Nxd4 25.Nxd4+ Kd6 26.Nf5+ Ke5 27.Nd4 g5 28.Rb2 Rc4 29.Ne2 Rac8
30.Rb1 R8c6 31.Kg3 Rg6 32.h4 Rc2 33.hxg5 Rxe2  0-1

[Event "Cairo-A"]
[Site "Cairo"]
[Date "1997.??.??"]
[Round "1"]
[White "Novikov, Igor A"]
[Black "Krizsany, Laszlo"]
[Result "1-0"]
[WhiteElo "2580"]
[BlackElo "2435"]

1.d4 d5 2.c4 dxc4 3.Nf3 c5 4.d5 e6 5.Nc3 exd5 6.Qxd5 Qxd5 7.Nxd5 Na6 8.e4 Ne7
9.Bxc4 Nxd5 10.exd5 Bd6 11.O-O Nc7 12.Re1+ Kf8 13.a4 Bf5 14.Be3 f6 15.Nd2 b6
16.Bb3 Bd3 17.Rac1 Re8 18.Bc4 Bg6 19.b4 cxb4 20.Bb3 Bd3 21.Rc6 Rd8 22.a5 bxa5
23.Rxd6 Rxd6 24.Bc5 Ne8 25.Re3 Bb5 26.Ne4 Kf7 27.Bxd6 f5 28.Ng5+ Kg6 29.Bf4 a4
30.Bd1 Nf6 31.h4 Rc8 32.Re7 b3 33.Nf3 h6 34.h5+ Kh7 35.Be5 Nxh5 36.Bb2 Rd8
37.Nd4 Rxd5 38.Bxh5 a3 39.Bxa3 Rxd4 40.Rxg7+ Kxg7 41.Bb2 a5 42.Bxd4+ Kf8
43.Bc5+ Kg7 44.f4 Kf6 45.Kf2 Ke6 46.Ba3 Kd5 47.Ke3 Kc4 48.Be2+  1-0

[Event "Cannes op 18th"]
[Site "Cannes"]
[Date "1997.??.??"]
[Round "8"]
[White "Van der Werf, Mark"]
[Black "Skripchenko, Almira"]
[Result "0-1"]
[WhiteElo "2420"]
[BlackElo "2385"]

1.d4 d5 2.c4 dxc4 3.Nf3 a6 4.e3 Nf6 5.Bxc4 e6 6.Qe2 c5 7.dxc5 Bxc5 8.e4 b5
9.Bd3 Nc6 10.Nbd2 Ng4 11.O-O Nge5 12.Nxe5 Nxe5 13.Bc2 O-O 14.Nb3 Bb6 15.Bf4 Ng6
16.Be3 Bxe3 17.Qxe3 Qf6 18.Rab1 e5 19.Rfd1 Nf4 20.Rd2 Be6 21.Rbd1 h5 22.Nc5 h4
23.f3 Rfd8 24.a3 Bc4 25.Qf2 Rxd2 26.Rxd2 Rd8 27.Rxd8+ Qxd8 28.h3 Qf6 29.Kh2 Ne2
30.Bd3 Qf4+ 31.Kh1 Ng3+  0-1

[Event "Cappelle op"]
[Site "Cappelle la Grande"]
[Date "1997.??.??"]
[Round "3"]
[White "Komarov, Dimitri"]
[Black "Todorov, Ognjan"]
[Result "1-0"]
[WhiteElo "2615"]
[BlackElo "2350"]

1.d4 d5 2.c4 dxc4 3.Nf3 a6 4.e3 e6 5.Bxc4 c5 6.Qe2 Nf6 7.dxc5 Bxc5 8.O-O Nc6
9.e4 Qc7 10.e5 Ng4 11.Bf4 f6 12.Nbd2 Ngxe5 13.Nxe5 Nxe5 14.Rac1 Qe7 15.Bxe5 fxe5
16.Qxe5 O-O 17.Ne4 Bb6 18.Ng5 h6 19.Nxe6 Bxe6 20.Qxe6+ Qxe6 21.Bxe6+ Kh8
22.Rc2 Rfe8 23.Bd5 Rab8 24.g3 a5 25.Kg2 Re5 26.Rd1 Rd8 27.Rcd2 Re7 28.Bf3 Rf8
29.Rd7 Ref7 30.Rxf7 Rxf7 31.Rd2 Rc7 32.Rd8+ Kh7 33.Be4+  1-0

[Event "Cappelle op"]
[Site "Cappelle la Grande"]
[Date "1997.??.??"]
[Round "5"]
[White "Kruppa, Yuri"]
[Black "Raetsky, Alexander"]
[Result "1/2-1/2"]
[WhiteElo "2520"]
[BlackElo "2440"]

1.d4 d5 2.c4 dxc4 3.Nf3 a6 4.e3 Nf6 5.Bxc4 e6 6.O-O c5 7.a4 Nc6 8.Qe2 cxd4
9.Rd1 Be7 10.exd4 O-O 11.Nc3 Nd5 12.Bd2 Ncb4 13.Rac1 b6 14.Ne5 Bb7 15.Bb3 Rc8
16.Nxd5 Nxd5 17.Rxc8 Qxc8 18.Rc1 Qa8 19.Bc2 Nf6 20.Bg5 Bxg2 21.Bxf6 Bxf6
22.Nd7 Rd8 23.Nxf6+ gxf6 24.Qg4+ Kh8 25.Qh4 Kg7 26.Qg4+ Kh8 27.Qh4 Kg7  1/2-1/2

[Event "KS Sommerskak op"]
[Site "Copenhagen"]
[Date "1997.??.??"]
[Round "?"]
[White "Bekker Jensen, Simon"]
[Black "Christensen, Tobias"]
[Result "1/2-1/2"]
[WhiteElo "2230"]
[BlackElo "2395"]

1.d4 d5 2.c4 dxc4 3.Nf3 c5 4.e3 cxd4 5.Bxc4 Qc7 6.Qb3 e6 7.exd4 Nc6 8.O-O Nf6
9.Qd1 Be7 10.Nc3 O-O 11.Bg5 Rd8 12.Bb3 Qa5 13.Be3 b6 14.Rc1 Bb7 15.Re1 Rac8
16.a3 Qf5 17.Bc2 Qh5 18.Qd3 Bd6 19.Bd1 Ng4 20.h3 Nxe3 21.Qxe3 Qf5 22.Bc2 Qf4
23.Qd3 Qh6 24.Rcd1 Bf4 25.Re4 e5 26.d5 f5 27.Rxf4 exf4 28.Qxf5 Ne7 29.Qe4 Re8
30.Bb3 Kh8 31.Qd3 Rcd8  1/2-1/2

[Event "KS Sommerskak op"]
[Site "Copenhagen"]
[Date "1997.??.??"]
[Round "?"]
[White "Hoi, Carsten"]
[Black "Christensen, Tobias"]
[Result "1/2-1/2"]
[WhiteElo "2425"]
[BlackElo "2395"]

1.d4 d5 2.Nf3 c5 3.c4 dxc4 4.e3 cxd4 5.Qxd4 Qxd4 6.Nxd4 Bd7 7.Bxc4 Nc6 8.Nxc6 Bxc6
9.f3 e6 10.Nc3 Nf6 11.Nb5  1/2-1/2

[Event "Copenhagen-ch"]
[Site "Copenhagen"]
[Date "1997.??.??"]
[Round "7"]
[White "Holm Petersen, Sejer"]
[Black "Sorensen, Torben"]
[Result "1/2-1/2"]
[WhiteElo "2345"]
[BlackElo "2295"]

1.d4 d5 2.Nf3 c5 3.c4 dxc4 4.e3 cxd4 5.exd4 Be6 6.Na3 Nc6 7.Nxc4 Nf6 8.Be3 Bd5
9.Be2 e6 10.O-O Be7 11.a3 O-O 12.Rc1 Rc8 13.Qd3 a6 14.Rfd1 b5 15.Ncd2 Qb6
16.Ne5 Qb7 17.f3 Nxe5 18.dxe5 Nd7 19.Bd4 Bc5 20.Bxc5 Nxc5 21.Qe3 Nd7 22.Kf2 Rxc1
23.Rxc1 Rc8 24.Rxc8+ Qxc8 25.f4 Qc2 26.b4 g5 27.fxg5 Qf5+ 28.Nf3 Bxf3 29.gxf3 Nxe5
30.f4 Nc4 31.Bxc4 bxc4 32.Qe5 Qc2+ 33.Kg3 Qd3+ 34.Kf2 c3 35.Qb8+ Kg7 36.Qe5+ Kf8
37.Qb8+ Kg7 38.Qe5+ Kg8  1/2-1/2

[Event "CZE-chT 9697"]
[Site "CZE"]
[Date "1997.??.??"]
[Round "11"]
[White "Haba, Petr"]
[Black "Voloshin, Leonid"]
[Result "0-1"]
[WhiteElo "2520"]
[BlackElo "2430"]

1.d4 d5 2.c4 dxc4 3.Nf3 a6 4.e3 Nf6 5.Bxc4 e6 6.a4 c5 7.O-O Nc6 8.Qe2 cxd4
9.Rd1 Be7 10.exd4 O-O 11.Nc3 Nb4 12.Ne5 Nfd5 13.Bb3 Bd7 14.Bd2 Bc6 15.Rac1 a5
16.Ne4 Qe8 17.Bxb4 Nxb4 18.Nxc6 bxc6 19.Rc4 Qb8 20.g3 Rd8 21.Nc5 Bxc5 22.Rxc5 Na6
23.Rc3 Qb6 24.Qc4 Rd6 25.Bc2 Rad8 26.Be4 g6 27.Bf3 e5 28.d5 Nb4 29.Qc5 cxd5
30.Qxb6 Rxb6 31.Rc5 Ra6 32.Kf1 Kg7 33.Ke2 e4 34.Bg2 Ra7 35.Rb5 Rc8 36.Ke3 Rc2
37.Rd2 Rxd2 38.Kxd2 Rc7 39.Rxa5 Rc2+ 40.Ke3 Rxb2 41.Rb5 f5 42.Bf1 Nc2+ 43.Kd2 Ra2
44.Kc3 d4+ 45.Kb3 Ra1 46.Kxc2 Rxf1 47.Rb2 Rxf2+ 48.Kb3 e3 49.Rb1 Rd2 50.a5 e2
51.Re1 d3 52.a6 Rd1  0-1

[Event "FIN-chT 9697"]
[Site "FIN"]
[Date "1997.??.??"]
[Round "6.2"]
[White "Lassila, Erkki"]
[Black "Kekki, Petri"]
[Result "1/2-1/2"]
[WhiteElo "2190"]
[BlackElo "2350"]

1.d4 d5 2.c4 dxc4 3.Nf3 a6 4.a4 e6 5.e3 Nf6 6.Bxc4 c5 7.O-O Be7 8.Qe2 Nc6
9.Rd1 cxd4 10.exd4 O-O 11.Nc3 Nb4 12.Ne5 Nbd5 13.Bg5 h6 14.Bh4 Nxc3 15.bxc3 Nd5
16.Bxe7 Nxe7 17.Bd3 Nd5 18.Qe4 Nf6 19.Qf3 Qc7 20.Rdb1 Rb8 21.a5 b5 22.axb6 Rxb6
23.Rxb6 Qxb6 24.Rb1 Qc7 25.h3 Nd5 26.c4 Ne7 27.Qe4 f5 28.Qe3 Rd8 29.Nf3 Nc6
30.c5 Qd7 31.Bc4 Kh7 32.Rd1 Na5 33.Ba2 Qa4 34.Qe2 Nc6 35.Bc4 Na5 36.Ba2 Nc6
37.Bc4 Na5 38.Ba2  1/2-1/2

[Event "Frydek-Mistek op-A"]
[Site "Frydek-Mistek"]
[Date "1997.??.??"]
[Round "5"]
[White "Szymczak, Zbigniew"]
[Black "Taus, Martin"]
[Result "1/2-1/2"]
[WhiteElo "2320"]
[BlackElo "2185"]

1.d4 d5 2.c4 dxc4 3.Nf3 a6 4.e3 b5 5.a4 Bb7 6.b3 e6 7.axb5 axb5 8.Rxa8 Bxa8
9.bxc4 bxc4 10.Bxc4 Nf6 11.O-O Nbd7 12.Nc3 Bd6 13.Qe2 O-O 14.Rd1 Ne4 15.Bb2 Nxc3
16.Bxc3 Qf6 17.e4 Qf4 18.Bd3 e5 19.g3 Qf6 20.d5 Nc5 21.Bb5 Bb7 22.Nd2 Qg6
23.Re1 f5 24.exf5 Qxf5 25.Nc4 Qf3 26.Qxf3 Rxf3 27.Bxe5 Nd3 28.Nxd6 cxd6 29.Bxd3 Rxd3
30.Bxd6 Bxd5  1/2-1/2

[Event "BL2-O9697"]
[Site "Germany"]
[Date "1997.??.??"]
[Round "?.2"]
[White "Stettler, Michael"]
[Black "Bus, Mariusz"]
[Result "0-1"]
[WhiteElo "2330"]
[BlackElo "2385"]

1.d4 d5 2.c4 dxc4 3.Nf3 c5 4.e3 Nf6 5.Bxc4 e6 6.O-O a6 7.a3 b5 8.Ba2 Bb7
9.Qe2 Nbd7 10.Nc3 Qb8 11.Rd1 Bd6 12.dxc5 Nxc5 13.b4 Ncd7 14.g3 O-O 15.Bd2 Rc8
16.Be1 Nb6 17.Rac1 Nc4 18.Nb1 Bd5 19.Nd4 Qb7 20.Bxc4 Bxc4 21.Qb2 Bf8 22.Nd2 Bd5
23.Rxc8 Rxc8 24.Rc1 Rxc1 25.Qxc1 Ng4 26.e4 Bxe4 27.Nxe4 Qxe4 28.Qd1 Ne5 29.Bc3 Nc4
30.Nc2 h5 31.f3 Qg6 32.Kg2 Qxc2+  0-1

[Event "BL2-S9697"]
[Site "Germany"]
[Date "1997.??.??"]
[Round "?.5"]
[White "Kraai, Jesse"]
[Black "Bialas, Wolfram"]
[Result "1-0"]
[WhiteElo "2340"]
[BlackElo "2335"]

1.d4 d5 2.c4 dxc4 3.Nf3 c5 4.d5 e6 5.Nc3 exd5 6.Qxd5 Be7 7.Ne5 Qxd5 8.Nxd5 Na6
9.e4 Nf6 10.Nxe7 Kxe7 11.Bxc4 Nb4 12.O-O Be6 13.f3 Nd7 14.Bxe6 Nxe5 15.Bh3 Rhd8
16.f4 Ned3 17.Bd2 Rd4 18.Bc3 Rxe4 19.Bf5 Re3 20.Bxg7 f6 21.Rad1 c4 22.Bxh7 Kf7
23.Bh6 Rh8 24.f5 Re2 25.Bg6+ Ke7 26.Bf4 Rxb2 27.Rf3 Nd5 28.Bg3 Re2 29.Rdxd3 cxd3
30.Rxd3 Rd8 31.Bf2 b6 32.h4 Rxa2 33.h5 Nf4 34.Rxd8 Kxd8 35.h6 Ra1+ 36.Kh2 Ra5
37.h7 Nxg6 38.fxg6 Rh5+ 39.Kg1 Ke7 40.g7  1-0

[Event "BL2-S9798"]
[Site "Germany"]
[Date "1997.??.??"]
[Round "?.3"]
[White "Doettling, Fabian"]
[Black "Dittmar, Peter"]
[Result "0-1"]
[WhiteElo "2320"]
[BlackElo "2325"]

1.d4 d5 2.c4 dxc4 3.Nf3 c5 4.e3 e6 5.Bxc4 Nf6 6.O-O cxd4 7.exd4 Be7 8.Nc3 O-O
9.Qe2 Nbd7 10.Bg5 Nb6 11.Bb3 Nbd5 12.Rfe1 Re8 13.Ne5 Bd7 14.Nxd5 Nxd5 15.Bxd5 exd5
16.Bxe7 Rxe7 17.Qf3 Qa5 18.Re3 Be6 19.Rc3 Rae8 20.Nd3 Qa4 21.Qf4 Bd7 22.f3 Bc6
23.a3 h6 24.h4 Re2 25.Rac1 f6 26.Nc5 Qb5 27.Rb3 Re1+ 28.Rxe1 Rxe1+ 29.Kh2 Qf1
30.Qf5 Qh1+ 31.Kg3 Re2 32.Qc8+ Be8 33.Rxb7 Qxg2+ 34.Kf4 g5+  0-1

[Event "Groningen op"]
[Site "Groningen"]
[Date "1997.??.??"]
[Round "11"]
[White "Atalik, Suat"]
[Black "Shaw, John"]
[Result "1-0"]
[WhiteElo "2590"]
[BlackElo "2390"]

1.d4 d5 2.c4 dxc4 3.Nf3 c5 4.e3 cxd4 5.Bxc4 Qc7 6.Qb3 e6 7.exd4 Nc6 8.Nc3 Bd7
9.Qd1 Nf6 10.O-O Be7 11.Bg5 O-O 12.Rc1 Rac8 13.a3 Rfd8 14.Ba2 Be8 15.Re1 Qa5
16.Bd2 Nxd4 17.Nd5 Rxc1 18.Qxc1 Qc5 19.Nxe7+ Qxe7 20.Nxd4 Rxd4 21.Be3 Ra4
22.Qc8 h6 23.Rd1 b6 24.Rd8 Kh7 25.Bd2 g6 26.h3 a5 27.Qb8 Kg7 28.Bc3 Bc6 29.Rg8+  1-0

[Event "Perenyi  Memorial"]
[Site "Gyula"]
[Date "1997.??.??"]
[Round "11"]
[White "Agrest, Evgenij"]
[Black "Estrella, J."]
[Result "1/2-1/2"]
[WhiteElo "2460"]
[BlackElo "2340"]

1.d4 d5 2.c4 dxc4 3.Nf3 a6 4.e3 Nf6 5.Bxc4 e6 6.Qe2 c5 7.dxc5 Bxc5 8.O-O b5
9.Bd3 Nc6 10.Nbd2 O-O 11.Ne4 Be7 12.Bd2 Bb7 13.Rac1 Qb6 14.Nxf6+ Bxf6 15.Bc3 e5
16.a3 Rfe8 17.Nd2 b4 18.axb4 Nxb4 19.Bxb4 Qxb4 20.Rc4 Qb6 21.Be4 Rac8 22.b3 Be7
23.Qg4 Rcd8 24.Rc2 Qb4 25.Nc4 Bxe4 26.Qxe4 Qxb3 27.Na5 Qd5 28.Qa4  1/2-1/2

[Event "Perenyi  Memorial"]
[Site "Gyula"]
[Date "1997.??.??"]
[Round "13"]
[White "Lauber, Arnd"]
[Black "Estrella, J."]
[Result "1/2-1/2"]
[WhiteElo "2360"]
[BlackElo "2340"]

1.d4 d5 2.c4 dxc4 3.Nf3 a6 4.e3 Nf6 5.Bxc4 e6 6.O-O c5 7.a4 Nc6 8.Qe2 Qc7
9.Nc3 Bd6 10.Rd1 O-O 11.h3 b6 12.dxc5 Bxc5 13.e4 Nd7 14.e5 Ndxe5 15.Bf4 f6
16.Rac1 Qe7 17.Ne4 Bb4 18.Bxe5 Nxe5 19.Nxe5 fxe5 20.Qh5 Kh8 21.Qxe5  1/2-1/2

[Event "Haarlem op"]
[Site "Haarlem"]
[Date "1997.??.??"]
[Round "4"]
[White "Leeuwenburgh, Evert"]
[Black "Jonkman, Harmen"]
[Result "0-1"]
[WhiteElo "2005"]
[BlackElo "2320"]

1.d4 d5 2.c4 dxc4 3.Nf3 a6 4.a4 Nf6 5.e3 e6 6.Bxc4 c5 7.O-O Nc6 8.Qe2 Qc7
9.Nc3 Bd6 10.Rd1 O-O 11.h3 b6 12.dxc5 bxc5 13.e4 Ne5 14.Nxe5 Bxe5 15.Ba2 Rb8
16.Bb1 Rb4 17.Ra3 Bb7 18.Na2 Rd4 19.Rxd4 Bxd4 20.Be3 Rd8 21.Bxd4 Rxd4 22.Nc3 Qf4
23.Rb3 Rb4 24.Qd1 Qc7 25.f3 Qb6 26.a5 Qxa5 27.Qd6 g6 28.Rxb4 Qxb4 29.Qd8+ Kg7
30.e5 Ng8 31.Qd2 Ne7 32.Be4 Bd5 33.Kf2 a5 34.g4 Bxe4 35.Nxe4 Nc6 36.Qxb4 cxb4
37.f4 a4 38.Ke3 a3 39.bxa3 bxa3 40.Nc5 Na5  0-1

[Event "Hafnarfjordur"]
[Site "Hafnarfjordur"]
[Date "1997.??.??"]
[Round "3"]
[White "Edvardsson, Kristjan"]
[Black "Raetsky, Alexander"]
[Result "1/2-1/2"]
[WhiteElo "2210"]
[BlackElo "2405"]

1.d4 d5 2.c4 dxc4 3.Nf3 a6 4.e3 Nf6 5.Bxc4 e6 6.Qe2 c5 7.dxc5 Bxc5 8.O-O Nc6
9.a3 Qc7 10.b4 Bd6 11.Bb2 e5 12.Ng5 O-O 13.Nd2 Bf5 14.e4 Bd7 15.Rfc1 Rad8
16.Ba2 h6 17.Ngf3 Qb8 18.Nf1 Nh5 19.g3 Nf6 20.Rd1 Bg4 21.Ne3 Bh5 22.Nf5 Rfe8
23.h3 Bf8 24.g4 Bg6 25.N3h4 Bxf5 26.Nxf5 Rxd1+ 27.Rxd1 Rd8 28.Bd5 Ne7 29.Nxe7+ Bxe7
30.Qc4 Nxd5 31.Rxd5 Rxd5 32.Qxd5 Bd6 33.Kg2 Qc7 34.Kf3 Kf8 35.Ke3 Ke7 36.Kd3 Qd7
37.Bc3 g6 38.f3 h5 39.Kc2 Qa4+ 40.Kb2 Qb5 41.Qxb5 axb5 42.Kc2 Ke6 43.Kd3 Be7
44.Bd2 Bh4 45.Be3 Bg3 46.Bb6 Bf4 47.Kc2 Kd7  1/2-1/2

[Event "Wichern op"]
[Site "Hamburg"]
[Date "1997.??.??"]
[Round "8"]
[White "Lindinger, Markus"]
[Black "Nicolosi, Tino"]
[Result "1-0"]
[WhiteElo "2250"]
[BlackElo "2095"]

1.d4 d5 2.c4 dxc4 3.Nf3 a6 4.e3 e6 5.Bxc4 Nf6 6.Qe2 c5 7.O-O Nc6 8.Rd1 Qc7
9.Nc3 Be7 10.h3 O-O 11.d5 exd5 12.Bxd5 Nb4 13.Bb3 b5 14.a3 c4 15.axb4 cxb3
16.Nxb5 Qb8 17.Nbd4 Qxb4 18.Nc6 Qb7 19.Nfd4 Be6 20.Nxe6 Qxc6 21.Nxf8 Bxf8
22.Qf3 Qe8 23.Bd2 Ne4 24.Be1 g6 25.Rd4 f5 26.Rd3 Qb5 27.Qd1 Rb8 28.f3 Nc5
29.Rd5 Qb6 30.Qd4 Ne6 31.Qxb6 Rxb6 32.Bc3 Bc5 33.Bd4 Nxd4 34.Rxc5 Nc2 35.Rd1 Nxe3
36.Rd7 Rb8 37.Rcc7 a5 38.Rg7+ Kh8 39.Rxh7+ Kg8 40.Rcg7+ Kf8 41.Rxg6 a4 42.Rh8+ Kf7
43.Rxb8 Kxg6 44.Ra8  1-0

[Event "FIN-ch"]
[Site "Helsinki"]
[Date "1997.??.??"]
[Round "5"]
[White "Laine, Heikki"]
[Black "Kekki, Petri"]
[Result "1/2-1/2"]
[WhiteElo "2230"]
[BlackElo "2255"]

1.d4 d5 2.c4 dxc4 3.Nf3 a6 4.e3 Bg4 5.Bxc4 e6 6.h3 Bh5 7.Nc3 Nc6 8.O-O Bd6
9.Be2 Nf6 10.b3 O-O 11.Bb2 Re8 12.Rc1 Qe7 13.Ne5 Bxe2 14.Nxc6 Bxd1 15.Nxe7+ Rxe7
16.Rfxd1 e5 17.d5 e4 18.Ne2 Nd7 19.Bd4 Rd8 20.Nc3 f5 21.Na4 Ne5 22.Bxe5 Rxe5
23.g3 Kf8 24.Kg2 Ke8 25.h4 Rd7 26.Rd4 Kd8 27.b4 Be7 28.Rcd1 b6 29.Nc3 Bd6
30.a3 Re8 31.Rc4 Kc8 32.Ne2 Be5 33.Nf4 Bxf4 34.gxf4 Red8 35.Rcd4 Rd6 36.f3 Rg6+
37.Kf2 exf3 38.Kxf3 Rg4 39.e4 Rxh4 40.exf5 Rh3+ 41.Kg4 Rxa3 42.Rh1 h6 43.f6 gxf6
44.Rxh6 a5 45.bxa5 Rxa5 46.Rxf6 Raxd5 47.Rxd5 Rxd5 48.f5 Rd1 49.Kg5 Rg1+
50.Kh6 Kd7 51.Rg6 Rf1 52.f6 b5 53.Kg7 Ke6 54.Rg2 b4 55.Re2+ Kd5 56.Rd2+ Ke5
57.f7 c5 58.Rb2 Kd4 59.Rb1 Rf2 60.f8=Q Rxf8 61.Kxf8 Kd3 62.Ke7 Kc2 63.Rh1 b3
64.Kd6 b2 65.Kxc5 b1=R 66.Rxb1 Kxb1  1/2-1/2

[Event "HUN-chT 9798"]
[Site "Hungary"]
[Date "1997.??.??"]
[Round "?"]
[White "Kallai, Gabor"]
[Black "Krizsany, Laszlo"]
[Result "1/2-1/2"]
[WhiteElo "2505"]
[BlackElo "2435"]

1.d4 d5 2.c4 dxc4 3.Nf3 c5 4.e4 cxd4 5.Qxd4 Qxd4 6.Nxd4 Bd7 7.Bxc4 Nc6 8.Nxc6 Bxc6
9.f3 e6 10.Be3 Nf6 11.Nd2 Nd7 12.Nb3 Bd6 13.Nd4 Rc8 14.Nxc6 Rxc6 15.Bb5 Bb4+
16.Kf1 Rd6 17.a3 Ba5 18.Bxa7 Ke7 19.b4 Ra8 20.Be3 Bxb4 21.a4 Rc8 22.Kf2  1/2-1/2

[Event "HUN-chT 9798"]
[Site "Hungary"]
[Date "1997.??.??"]
[Round "?"]
[White "Dudas, Jan"]
[Black "Krizsany, Laszlo"]
[Result "1/2-1/2"]
[WhiteElo "2295"]
[BlackElo "2435"]

1.d4 d5 2.c4 dxc4 3.Nf3 c5 4.e3 cxd4 5.exd4 Be6 6.Nc3 Nf6 7.Ne5 Nc6 8.Nxc6 bxc6
9.Qa4 Qd7 10.Bxc4 Bxc4 11.Qxc4 e6 12.O-O Be7 13.Bg5 O-O 14.Rfd1 Rfd8 15.Rac1 Rab8
16.b3 h6 17.Be3 Rb4 18.Qa6 Rb6 19.Qe2 Nd5  1/2-1/2

[Event "HUN-chT 9798"]
[Site "Hungary"]
[Date "1997.??.??"]
[Round "?"]
[White "Vegh, Endre"]
[Black "Ezsol, Miklos"]
[Result "1/2-1/2"]
[WhiteElo "2330"]
[BlackElo "2345"]

1.d4 d5 2.c4 dxc4 3.Nf3 a6 4.e3 b5 5.a4 Bb7 6.axb5 axb5 7.Rxa8 Bxa8 8.b3 e6
9.bxc4 bxc4 10.Bxc4 Nf6 11.O-O Be7 12.Qa4+ Bc6 13.Bb5 Bxb5 14.Qxb5+ c6 15.Qb7 O-O
16.Ba3 Nfd7 17.Bxe7 Qxe7 18.Ne5 Qd6 19.Nxd7 Qxd7 20.Qb6 Qd8 21.Qc5 Qd5 22.Rc1 Qxc5
23.Rxc5 Rc8 24.Nd2 Nd7 25.Rc2 Kf8 26.Kf1 Ke7 27.Ke2 f5 28.Nc4 Ra8 29.Nd2  1/2-1/2

[Event "Koge op"]
[Site "Koge"]
[Date "1997.??.??"]
[Round "9"]
[White "Sokolov, Ivan"]
[Black "Volzhin, Alexander"]
[Result "1-0"]
[WhiteElo "2635"]
[BlackElo "2495"]

1.d4 d5 2.c4 dxc4 3.Nf3 a6 4.e3 e6 5.Bxc4 c5 6.O-O Nf6 7.Bb3 Nc6 8.Qe2 cxd4
9.Rd1 Be7 10.exd4 O-O 11.Nc3 Na5 12.Bc2 b5 13.Ne4 Bb7 14.Nc5 Bd5 15.Ne5 Nc4
16.Ned3 Nd7 17.b3 Ncb6 18.Be3 Bg5 19.Nf4 Ra7 20.Rac1 h6 21.Qd3 Nf6 22.Nh5 g6
23.Ng3 Ng4 24.Bxg5 Qxg5 25.Nge4 Qe7 26.Qh3 h5 27.Qg3 Ba8 28.Re1 Nd5 29.h3 Ngf6
30.Ng5 Rc7 31.Re5 Ne8 32.Ngxe6 fxe6 33.Nxe6  1-0

[Event "RUS-Cup7"]
[Site "Kstovo"]
[Date "1997.??.??"]
[Round "9"]
[White "Virovlansky, Semen"]
[Black "Skomorokhin, Roman"]
[Result "0-1"]
[WhiteElo "2225"]
[BlackElo "2475"]

1.d4 d5 2.c4 dxc4 3.Nf3 a6 4.e3 e6 5.Bxc4 Nf6 6.O-O b5 7.Bd3 Bb7 8.a4 b4
9.b3 Nbd7 10.Bb2 c5 11.Nbd2 cxd4 12.Bxd4 Qb8 13.e4 Nc5 14.Qc2 Nxd3 15.Qxd3 Be7
16.Rfe1 O-O 17.Be5 Rd8 18.Qc2 Qa7 19.Qb2 Rac8 20.Re2 a5 21.Bd4 Qb8 22.Be5 Qa8
23.Nc4 Rc5 24.Bd4 Rh5 25.Nb6 Qa6 26.Rae1 Bc6 27.Nc4 Qa8 28.Nfd2 Nd7 29.h3 Nc5
30.Re3 f6 31.Bxc5 Bxc5 32.R3e2 Bd4 33.Qc2 Bc3 34.Rd1 f5 35.f3 Rg5 36.Nb1 Rxd1+
37.Qxd1 fxe4 38.fxe4 Bf6 39.Qd6 Qe8 40.e5 Bd8 41.Nbd2 Bd5 42.Ne3 Bb7 43.Ndc4 Rg6
44.Qb8 Bc6 45.Nd6 Qd7 46.Rc2 h6 47.Rxc6 Qxc6 48.Qxd8+ Kh7 49.Kh2 Qc3 50.Ndc4 Qxb3
51.Qxa5 Qc3 52.Qd8 Rg5 53.g3 Rf5 54.Nxf5 Qxc4 55.Nh4 Qc2+ 56.Kg1 b3 57.Nf3 b2
58.Nd2 Qd1+  0-1

[Event "IBM op"]
[Site "La Reunion"]
[Date "1997.??.??"]
[Round "4"]
[White "Oms Pallise, Josep"]
[Black "Magem Badals, Jorge"]
[Result "1/2-1/2"]
[WhiteElo "2450"]
[BlackElo "2570"]

1.d4 d5 2.c4 dxc4 3.Nf3 a6 4.e3 e6 5.Bxc4 c5 6.O-O Nf6 7.Bb3 Nc6 8.Qe2 cxd4
9.Rd1 d3 10.Rxd3 Qc7 11.Nc3 Bc5 12.h3  1/2-1/2

[Event "CRO-chT"]
[Site "Medulin"]
[Date "1997.??.??"]
[Round "?"]
[White "Kozul, Zdenko"]
[Black "Varga, Zoltan"]
[Result "0-1"]
[WhiteElo "2590"]
[BlackElo "2455"]

1.d4 d5 2.c4 dxc4 3.Nf3 a6 4.e3 Nf6 5.Bxc4 e6 6.O-O c5 7.a3 b5 8.Ba2 Bb7
9.Nc3 Nbd7 10.Qe2 Qc7 11.Rd1 Bd6 12.h3 O-O 13.e4 cxd4 14.Nxd4 Nc5 15.Be3 Ncxe4
16.Nxe4 Bxe4 17.Bg5 Bh2+ 18.Kh1 Qe5 19.Bxf6 gxf6 20.Nf3 Bxf3 21.Qxf3 Bf4
22.Re1 Qc7 23.Re4 Be5 24.Rae1 Bxb2 25.Rg4+ Kh8 26.Rh4 Rg8 27.g4 Rad8 28.Bb1 Rg7
29.Rh5 Qc3 30.Qe4 f5 31.gxf5 exf5 32.Qe7 Qf3+  0-1

[Event "CRO-chT2"]
[Site "Medulin"]
[Date "1997.??.??"]
[Round "?"]
[White "Shariyazdanov, Andrey"]
[Black "Krizsany, Laszlo"]
[Result "1-0"]
[WhiteElo "2525"]
[BlackElo "2435"]

1.d4 d5 2.c4 dxc4 3.Nf3 c5 4.e3 cxd4 5.exd4 Be6 6.Na3 Nc6 7.Nxc4 Nf6 8.Be2 Bd5
9.O-O e6 10.Nce5 Be7 11.Nxc6 Bxc6 12.Ne5 O-O 13.Nxc6 bxc6 14.b3 Qa5 15.Bf3 Rac8
16.Bb2 Ba3 17.Bxa3 Qxa3 18.Qc1 Qb4 19.Qc5 Qxc5 20.dxc5 Rfd8 21.Rfd1 Kf8 22.Rxd8+ Rxd8
23.Rc1 Nd5 24.Rc4 Ke7 25.Kf1 e5 26.Ra4 Rd7 27.Bxd5 cxd5 28.Ke2 Ke6 29.Ra6+ Kf5
30.b4 Ke4 31.b5 Kd4 32.Rc6 Kc3 33.Rd6 Rb7 34.a4 Kb4 35.c6 Rb8 36.Rd7 Ra8
37.Rxa7 Rxa7 38.b6 Rxa4 39.b7 Ra2+ 40.Kf3  1-0

[Event "CRO-chT"]
[Site "Medulin"]
[Date "1997.??.??"]
[Round "?"]
[White "Kozul, Zdenko"]
[Black "Sermek, Drazen"]
[Result "1/2-1/2"]
[WhiteElo "2590"]
[BlackElo "2575"]

1.d4 d5 2.c4 dxc4 3.Nf3 c5 4.e3 cxd4 5.Bxc4 Qc7 6.Qb3 e6 7.exd4 Nc6 8.O-O Nf6
9.Nc3 a6 10.Be2 Be7 11.Rd1 b5 12.a3 Bb7 13.Bg5 Na5 14.Qa2 Ne4 15.Nxe4 Bxe4
16.Rac1 Qb7 17.Bxe7 Qxe7 18.Ne5 O-O 19.b4 Nb7 20.Qd2 Nd6 21.Qf4 Bd5 22.Bd3 Rac8
23.Rc5 Nb7 24.Rxc8 Rxc8 25.Rc1 Rxc1+ 26.Qxc1 f6 27.Ng4 Qd7 28.Qc2 h6 29.Be4 Bxe4
30.Qxe4 Nd6 31.Qg6 Kf8 32.Ne3 Nf5 33.Nxf5 exf5 34.h4  1/2-1/2

[Event "CRO-chT"]
[Site "Medulin"]
[Date "1997.??.??"]
[Round "?"]
[White "Bukal, Vladimir Jr"]
[Black "Podobnik, Marijan"]
[Result "1-0"]
[WhiteElo "2350"]
[BlackElo "2290"]

1.d4 d5 2.c4 dxc4 3.Nf3 c5 4.d5 e6 5.Nc3 exd5 6.Qxd5 Qxd5 7.Nxd5 Bd6 8.e4 Nc6
9.Bxc4 Nf6 10.O-O Be6 11.Re1 O-O-O 12.Ne3 Ne5 13.Bxe6+ fxe6 14.Nxe5 Bxe5
15.Nc4 Bd4 16.Bf4 Ng4 17.Re2 e5 18.Be3 b5 19.h3 Nxe3 20.fxe3 bxc4 21.exd4 Rxd4
22.Rc1 Kb7 23.Rf1 Rhd8 24.Rf5 R8d7 25.Rxe5 Kc6 26.Re8 Rd2 27.Kf2 Rd1 28.e5 Rf7+
29.Kg3 Rd3+ 30.Kh2 Kd7 31.Rh8 Ke6 32.Rc8 c3 33.Rc6+ Ke7 34.e6 Rf6 35.Rc7+ Ke8
36.e7  1-0

[Event "Metz op"]
[Site "Metz"]
[Date "1997.??.??"]
[Round "4"]
[White "De Vito, Flevio"]
[Black "Alet, Jean Perre"]
[Result "0-1"]
[WhiteElo "1660"]
[BlackElo "2180"]

1.d4 d5 2.c4 dxc4 3.Nf3 c5 4.Qa4+ Bd7 5.Qxc4 cxd4 6.Nxd4 Nc6 7.Bf4 Rc8 8.Nb5 e5
9.Qe4 Nf6 10.Qe3 Nd5 11.Qe4 Nxf4 12.e3 f5 13.Qf3 Nb4 14.N1a3 Qa5 15.Nc3 Nbd3+
16.Bxd3 Nxd3+ 17.Ke2 Nxb2 18.Nab1 Bb4 19.Rc1 Na4 20.e4 O-O 21.a3 Bxc3 22.Nxc3 fxe4
23.Qe3 Nxc3+ 24.Rxc3 Rxc3 25.Qxc3 Rxf2+  0-1